000 00627nam a2200193Ia 4500
008 131103s9999 xx 000 0 und d
040 _aLoreto College
041 _aEnglish
082 _a822.33(ID)/OTH/DEA/822.33/T8/SHA
_b- DEA LCLIB/19887;21282
245 2 _aA casebook on Othello
_cedited by Leonard F.Dean
260 _aNew York
_bThomas Y.Crowell
_c1969
300 _aviii,279 p.
_c 21 cm.
440 _aCrowell Literary Casebooks In Paperback
650 _aEnglish Drama
651 _aShakespeare,William - Othello - Criticism and Interpretation
700 _aDean,Leonard F.,ed.
850 _aLCLIB
942 _cBK
999 _c4317
_d54796